Náklady a výnosy ako činitele výsledku hospodárenia banky diplomová práca

Saved in:
Bibliographic Details
Main Author: Stankovská, Oľga
Corporate Author: Fakulta hospodárskej informatiky EU. Katedra účtovníctva a audítorstva
Other Authors: Boušková, Dagmar
Format: Book
Language:Slovak
Published: Bratislava 2008
Tags: Add Tag
No Tags, Be the first to tag this record!

MARC

LEADER 00000nam$a2200000$$$4500
001 0085421
005 20240201115736.4
041 0 |a slo 
044 |a SK 
245 1 0 |a Náklady a výnosy ako činitele výsledku hospodárenia banky  |b diplomová práca  |c Oľga Stankovská ; škol. Dagmar Boušková 
264 1 |a Bratislava  |c 2008 
300 |a 70 s. 
100 1 |a Stankovská, Oľga 
700 1 |a Boušková, Dagmar 
710 2 |a Fakulta hospodárskej informatiky EU. Katedra účtovníctva a audítorstva